LEADER 00780nam0-22002891i-450- 001 990000098450403321 005 20031007140744.0 035 $a000009845 035 $aFED01000009845 035 $a(Aleph)000009845FED01 035 $a000009845 100 $a20020821d1878----km-y0itay50------ba 101 0 $afre 105 $ay-------001yy 200 1 $a<>prévision du temps$fW. de Fonvielle 210 $aParis$cGauthier-Villars$d1878 215 $a102 p.$d19 cm 300 $aPrecede il tit.: Actualités scientifiques 610 0 $aMeteorologia 676 $a551.63 700 1$aFonvielle,$bWilfrid : de 801 0$aIT$bUNINA$gRICA$2UNIMARC 901 $aBK 912 $a990000098450403321 952 $a13 AR 19 A 27$b4397$fFINBC 959 $aFINBC 997 $aUNINA LEADER 01268nlm--2200421---450 001 990003698030203316 005 20201218111101.0 010 $a978-0-323-05386-0 035 $a000369803 035 $aUSA01000369803 035 $a(ALEPH)000369803USA01 035 $a000369803 100 $a20121012d2006----km-y0itay50------ba 101 $aeng 102 $aUS 105 $a||||||||001yy 135 $adrcnu-------- 200 1 $aOculoplastic and Reconstructive Surgery$fJeffrey A. Nerad, Keith D. Carter and Mark Alford 210 $aPhiladelphia$cMosby/Elsevier$d2006 215 $aTesto elettronico (PDF) (XI, 276 p.)$cill. 230 $aBase dati testuale 410 0$12001 454 1$12001 461 1$1001-------$12001 606 0 $aOculistica$xChirurgia$2BNCF 676 $a617.771059 702 1$aNERAD,$bJeffrey A. 702 1$aCARTER,$bKeith D. 702 1$aALFORD,$bMark 801 0$aIT$bsalbc$gISBD 856 4 $uhttp://www.sciencedirect.com/science/book/ 9780323053860$zAccesso limitato alla rete di Ateneo$4. 912 $a990003698030203316 959 $aEB 969 $aER 969 $aMED 979 $aFIORELLA$b90$c20121012$lUSA01$h1036 996 $aOculoplastic and Reconstructive Surgery$91142167 997 $aUNISA